000 01470nmc a2200457 a 4500
003 AR-BaBNM
005 20251128204920.0
008 176019s1989 ||||||||||||||000 | spa||
020 _a950-99514-0-4
040 _cAR-BaBNM
100 1 _aGandía, Enrique de
245 1 0 _aNueva historia del descubrimiento de América
260 _aBuenos Aires
_bUniversidad del Museo Social Argentino
_c1989
300 0 _a729 p.
490 0 _aSerie Quinto Centenario del descubrimiento de América
500 0 _aAnaliza las diferentes leyendas que prologaron el viaje de Cristobal Colón
500 0 _aAmplio panorama de los estudios colombinos
500 0 _aContempla las líneas geopolíticas que precedieron y animaron el viaje colombino y sus desarrollos posteriores
600 1 4 _aColón, Cristóbal
600 1 4 _aPtolomeo, Claudio Alejandro
600 1 4 _aPolo, Marco
600 1 4 _aMandeville, Juan De
600 1 4 _aAilly, Pedro De
600 1 4 _aJos, Emiliano
600 1 4 _aTaviani, Paolo Emilio
600 1 4 _aGranzotto, Gianni
600 1 4 _aVignaud, Henri
600 1 4 _aAltolaguirre, Angel De
650 4 _aHISTORIA AMERICANA
650 4 _aEXPLORACION GEOGRAFICA
650 4 _aCONQUISTA DE AMERICA
650 4 _aDESCUBRIMIENTOS
650 4 _aGEOGRAFIA HISTORICA
650 4 _aLEYENDAS
650 4 _aGEOGRAFOS
651 4 _aEspaña
651 4 _aAtlántida
653 0 _aDESCUBRIMIENTO DE AMERICA
942 _cBK
998 _cEnrique
999 _c9319
_d9319